| 000 | 01084cam a22002651ia4500 | ||
|---|---|---|---|
| 003 | SA-RiAUC | ||
| 005 | 20241116084205.0 | ||
| 008 | 241116s2001 ua f e 00000 ara c | ||
| 040 |
_aSA-MaUQU _bara _cSA-RiAUC _erda |
||
| 043 | _af-ua--- | ||
| 082 | 0 | 4 |
_a346.6 _qSA-RiAUC |
| 090 |
_a346.6 _bا ب ن م |
||
| 100 | 1 |
_aابن محفوظ، عبد الله مرعي مبارك، _d1387 هجري- _eمؤلف. |
|
| 245 | 1 | 2 |
_aالموسوعة في نماذج وصيغ العقود وأحكامها / _cعبد الله مرعي بن محفوظ، أحمد موسى الحفناوي. |
| 264 | 1 |
_aالقاهرة : _bالدار الهندسية، _c2001 |
|
| 300 |
_a3 مجلد ؛ _c24 سم |
||
| 336 |
_aنص _btxt _2rdacontent _3كتاب |
||
| 337 |
_aبدون وسيط _bn _2rdamedia |
||
| 338 |
_aمجلد _bnc _2rdacarrier |
||
| 540 | _aشركة العبيكان. | ||
| 650 | 7 |
_aالعقود (قانون مدني) _zمصر _vدوائر معارف _2aucsh |
|
| 700 | 1 |
_aالحفناوي، أحمد موسى _eمؤلف. |
|
| 942 |
_2ddc _cBOOK _n0 |
||
| 949 |
_aSA-JeALM _d241116 _ukhaled123 _n1 |
||
| 999 |
_c2383 _d2383 |
||